Dinámicas históricas, religiosas e iconográficas en el norte de África

محفوظ في:

المؤلف الرئيسي: Fabiola Salcedo Garcés

التنسيق: كتاب

اللغة: Undetermined

الوصول للمادة أونلاين: Login to view Source

الوسوم: إضافة وسم

لا توجد وسوم, كن أول من يضع وسما على هذه التسجيلة!

رقم الطلب:

LEADER 00491nmm a2200133Ia 4500
008 240716s9999||||xx |||||||||||||||||und||
020 |a 9781803277455 
020 |a 9781803277462 
100 |a Fabiola Salcedo Garcés 
245 1 0 |a Dinámicas históricas, religiosas e iconográficas en el norte de África  |c Fabiola Salcedo Garcés 
264 |b Archaeopress Archaeology  |c 13-يونيو-24 
856 4 0 |u http://library.arce.org:8087/Archaeopress/Products/9781803277455 
942 |2 lcc  |c EBOOK 
999 |c 58920  |d 58920